|
|
|
|
| LEADER |
03336cam a2200673 c 4500 |
| 001 |
1112739866 |
| 003 |
DE-627 |
| 005 |
20260309122709.0 |
| 007 |
tu |
| 008 |
941229s1965 xxk||||| 00| ||eng c |
| 035 |
|
|
|a (DE-627)1112739866
|
| 035 |
|
|
|a (DE-603)110408004
|
| 035 |
|
|
|a (DE-576)042739861
|
| 035 |
|
|
|a (DE-599)BSZ042739861
|
| 035 |
|
|
|a (OCoLC)220589613
|
| 035 |
|
|
|a (OCoLC)265031124
|
| 035 |
|
|
|a (DE-604)8076011135
|
| 040 |
|
|
|a DE-627
|b ger
|c DE-627
|e rakwb
|
| 041 |
|
|
|a eng
|
| 044 |
|
|
|c XA-GB
|
| 050 |
|
0 |
|a N2950
|
| 082 |
0 |
|
|a 759.5634
|
| 082 |
0 |
|
|a 755.2
|q OCLC
|2 18
|
| 084 |
|
|
|a 9,10
|2 ssgn
|
| 084 |
|
|
|a LN 63112
|2 rvk
|0 (DE-625)rvk/102121:13313
|
| 084 |
|
|
|a LN 63107
|2 rvk
|0 (DE-625)rvk/102121:13308
|
| 100 |
1 |
|
|8 1\p
|a Ettlinger, Leopold D.
|d 1913-1989
|0 (DE-588)13353524X
|0 (DE-627)548176388
|0 (DE-576)299914968
|4 aut
|
| 245 |
1 |
4 |
|a The Sistine Chapel before Michelangelo
|b religious imagery and papal primacy
|c by L. D. Ettlinger. With photogr. of the frescoes by H. O. Fein
|
| 264 |
|
1 |
|a Oxford
|b Clarendon Press
|c 1965
|
| 300 |
|
|
|a XIII, 128, 44 S.
|b Ill.
|
| 336 |
|
|
|a Text
|b txt
|2 rdacontent
|
| 337 |
|
|
|a ohne Hilfsmittel zu benutzen
|b n
|2 rdamedia
|
| 338 |
|
|
|a Band
|b nc
|2 rdacarrier
|
| 361 |
1 |
|
|5 DE-Hil6
|y 3631413777
|s 1 E c 5567
|o Vorbesitz
|a Zahlten, Johannes
|0 (DE-588)129404969
|0 (DE-627)394713648
|0 (DE-576)216465532
|f Signatur
|z "Johannes Zahlten 71"
|
| 490 |
0 |
|
|a Oxford-Warburg studies
|
| 583 |
1 |
|
|a Massenentsäuert
|c 2013
|k DE-18
|2 pdager
|5 DE-H13
|
| 583 |
1 |
|
|a Massenentsäuert
|c 2014
|k DE-18
|2 pdager
|5 DE-18-308
|
| 583 |
1 |
|
|a Archivierung/Langzeitarchivierung gewährleistet
|f SSG
|x XA-DE-BW
|2 pdager
|5 DE-16
|
| 583 |
1 |
|
|a Archivierung prüfen
|c 20240324
|f DE-4165
|z 1
|2 pdager
|
| 610 |
1 |
0 |
|a Cappella Sistina (Vatican Palace, Vatican City)
|
| 650 |
|
0 |
|a Mural painting and decoration
|z Vatican City
|
| 689 |
0 |
0 |
|d g
|0 (DE-588)4104970-6
|0 (DE-627)105898848
|0 (DE-576)20940146X
|a Sixtinische Kapelle
|g Rom
|2 gnd
|
| 689 |
0 |
1 |
|d s
|0 (DE-588)4071463-9
|0 (DE-627)106097636
|0 (DE-576)209184043
|a Freskomalerei
|2 gnd
|
| 689 |
0 |
2 |
|a z
|2 gnd
|a Geschichte 1400-1500
|
| 689 |
0 |
|
|5 (DE-627)
|
| 700 |
1 |
|
|a Fein, H. O.
|e Ill.
|0 (DE-627)1243143770
|0 (DE-576)173143776
|4 ill
|
| 787 |
0 |
8 |
|i Rezensiert in
|a Passavant, Günter, 1928 - 2014
|t [Rezension von: L.D. Ettlinger, The Sistine Chapel before Michelangelo. Religious Imagery and Papal Primacy]
|d 1966
|w (DE-627)1839914351
|
| 883 |
|
|
|8 1\p
|a cgwrk
|d 20241001
|q DE-101
|u https://d-nb.info/provenance/plan#cgwrk
|
| 889 |
|
|
|w (DE-627)196730988
|
| 935 |
|
|
|i mdedup
|
| 936 |
r |
v |
|a LN 63112
|b Kirchen, Kathedralen
|k Kunstgeschichte
|k Kunst nach Ländern bzw. Kontinenten
|k Italien
|k Kunsttopografie Italiens
|k Alphabetische Liste der italienischen Orte
|k Orte R
|k Rom
|k Kirchen, Kathedralen
|0 (DE-627)1270651390
|0 (DE-625)rvk/102121:13313
|0 (DE-576)200651390
|
| 936 |
r |
v |
|a LN 63107
|b Kunstgeschichte allgemein
|k Kunstgeschichte
|k Kunst nach Ländern bzw. Kontinenten
|k Italien
|k Kunsttopografie Italiens
|k Alphabetische Liste der italienischen Orte
|k Orte R
|k Rom
|k Kunstgeschichte
|k Kunstgeschichte allgemein
|0 (DE-627)1270642081
|0 (DE-625)rvk/102121:13308
|0 (DE-576)200642081
|
| 936 |
s |
n |
|a l300
|2 mzub
|
| 951 |
|
|
|a BO
|
| 990 |
|
|
|a Sixtinische Kapelle
|
| 990 |
|
|
|a Freskomalerei
|
| 990 |
|
|
|a Geschichte 1400-1500
|
| 991 |
|
|
|a Rezensiertes Werk
|
| 999 |
|
|
|a KXP-PPN1112739866
|e 4315647012
|